Normal view
MARC view
- এন. এ. এম. জসিম উদ্দীন
Entry Personal Name
001 - CONTROL NUMBER
- control field: 5250
003 - CONTROL NUMBER IDENTIFIER
- control field: OSt
005 - DATE AND TIME OF LATEST TRANSACTION
- control field: 20230321060615.0
008 - FIXED-LENGTH DATA ELEMENTS
- fixed length control field: 230321|| aca||aabn | a|a d
040 ## - CATALOGING SOURCE
- Original cataloging agency: OSt
- Transcribing agency: OSt
100 ## - HEADING--PERSONAL NAME
- Personal name: এন. এ. এম. জসিম উদ্দীন
670 ## - SOURCE DATA FOUND
- Source citation: Work cat.: (OSt)3163: উদ্দীন, এন.এ. এম জসিম 5249, ইকুইটি ও ট্রাস্ট আইন : , c2006
